Organiser les services de soins (Record no. 49587)

MARC details
000 -LEADER
fixed length control field 00692nam a22002057a 4500
008 - FIXED-LENGTH DATA ELEMENTS--GENERAL INFORMATION
fixed length control field 110810t xxu||||| |||| 00| 0 eng d
020 ## - INTERNATIONAL STANDARD BOOK NUMBER
International Standard Book Number 978-2-294-01549-6
040 ## - CATALOGING SOURCE
Original cataloging agency BUAC
Transcribing agency CDIRSP
041 ## - LANGUAGE CODE
Language code of text/sound track or separate title Fr
100 ## - MAIN ENTRY--PERSONAL NAME
Personal name BARRE, Michel
9 (RLIN) 18107
245 ## - TITLE STATEMENT
Title Organiser les services de soins
Remainder of title : le management par la qualité
Statement of responsibility, etc / Michel BARRE, CHAMPION- DAVILLER Marie- Noelle
250 ## - EDITION STATEMENT
Edition statement 2 è Ed.
260 ## - PUBLICATION, DISTRIBUTION, ETC. (IMPRINT)
Place of publication, distribution, etc Paris :
Name of publisher, distributor, etc Masson,
Date of publication, distribution, etc 2004
300 ## - PHYSICAL DESCRIPTION
Extent 214 p.
440 ## - SERIES STATEMENT/ADDED ENTRY--TITLE
Title (Collection Encadrer à L'Hôpital)
9 (RLIN) 18108
650 ## - SUBJECT ADDED ENTRY--TOPICAL TERM
Topical term or geographic name as entry element Qualité soins
9 (RLIN) 18109
653 ## - INDEX TERM--UNCONTROLLED
Uncontrolled term Organiser service de soins
-- Gestion : Hôpital
700 ## - ADDED ENTRY--PERSONAL NAME
Personal name Marie- Noelle ,CHAMPION- DAVILLER
9 (RLIN) 18110
942 ## - ADDED ENTRY ELEMENTS (KOHA)
Item type Livre
Holdings
Withdrawn status Lost status Damaged status Not for loan Location (home branch) Sublocation or collection (holding branch) Date acquired Source of acquisition Koha issues (times borrowed) Piece designation (barcode) Koha date last seen Copy number Price effective from Koha item type
        Centre de Documentation et d'Information de l'Institut Regional Santé Publique Centre de Documentation et d'Information de l'Institut Regional Santé Publique 10/08/2011 Achat   4601CDIRSP 10/08/2011 1 10/08/2011 Livre
        Centre de Documentation et d'Information de l'Institut Regional Santé Publique Centre de Documentation et d'Information de l'Institut Regional Santé Publique 10/08/2011 Achat   4602CDIRSP 10/08/2011 1 10/08/2011 Livre exclu du prêt


© 2008, Bibliothèques de l'Université d'Abomey-Calavi

04 BP 789 Cotonou, Tél. : +229 21 36 01 01, Fax : +229 21 35 06 32

Courriel : bu@bu.uac.bj